000 00475nam a2200181Ia 4500
005 20250423095226.0
008 250422s9999 xx 000 0 und d
020 _a9781119799498
050 _aTN 879 .D37/
100 _aDareing, Don W.
245 0 _aEngineering practice with oilfield and drilling applications
260 _aNew Jersey
260 _bWiley
260 _c2022
300 _a600 p
650 _a Petroleum engineering. Oil well drilling.
942 _cBK
999 _c29626
_d29626